Регионална библиотека "Любен Каравелов" - Русе

Червеният Гешев - генерал Руси Христозов (Запис номер 98286)

MARC детайли
000 -Лидер
Контролно поле с фиксирана дължина 01985nam a2200361 c 4500
003 - Код на организацията, давaща контролен номер
Контролно поле BLK
005 - Дата и час на последна редакция
Контролно поле 20180422105156.0
008 - Елементи от данни с фиксирана дължина
fixed length control field 180409b bul|||||r ||||||| ||bul||
010 ## - Наследен системен номер
LC control number KNG00103224000
020 ## - Международен стандартен номер на книга ISBN
Международен стандартен номер на книга ISBN 954-9761-25-8
-- издат.: Световит
040 ## - Източник на каталожния запис
Идентификатор на билиотеката - собственик на записа BLK
041 ## - Код за език
Код за езика на текст/звукозапис или на отделно заглавие Български
Код за езика КДБФ Български
080 ## - УДК
Текстов определител УДК Българска литература
УДК код - определител по УДК 821.163.2
УДК определител -311.6
УДК - код + определител 821.163.2-311.6
080 ## - УДК
Текстов определител УДК Органи на обществения ред. Полиция. Обществена власт. Доброволни отреди. Държавна сигурност. Милиция. Дейност на полицията по вътрешно разузнаване
УДК код - определител по УДК 351.74
УДК определител (497.2)(091)(092)
УДК - код + определител 351.74(497.2)(091)(092)
080 ## - УДК
Текстов определител УДК Господинов, Руси Христозов
УДК код - определител по УДК 929 Христозов, Руси
УДК определител
УДК - код + определител 929 Христозов, Руси
100 1# - Редна дума - Автор
Автор Христозов, Петър
Авторска отговорност първи автор
R(LIN) 370891
139 ## - Редно поле
Редна дума Христозов, Петър
Авторски знак Христод - Х 82
245 10 - Сведения за заглавието
Заглавие Червеният Гешев - генерал Руси Христозов
Подзаглавни данни Полит. роман
Редно поле (дума) Петър Христозов; * Христо Димитров Вълчев.
257 ## - Страна на издаване
Страна на създаване/издаване България
260 ## - Област на издателските данни
-- София
Име на издателя, разпространителя и проч. Световит
Година на издаване 2002
Печатница Враца : Полипринт ЕАД
300 ## - Физическа характеристика
Страници 112 с.
Размери/Мащаб 20 см
380 ## - Жанр
Жанр Худож. лит.
500 ## - Общи забележки
Забележка Петър Христозов - псевд. на Христо Вълчев. - Пълното име на Руси Христозов е Руси Христозов Динов, но в някои док. Руси Христозов Господинов. - Офс. изд. - 800 тир.
600 14 - Име на лице, използвано като предмет
За него / За нея Христозов, Руси
9 (RLIN) 371298
653 ## - Ключова дума – ненормативна
Ключова дума романи
653 ## - Ключова дума – ненормативна
Ключова дума Руси Христозов
700 1# - Други автори (авторска отговорност)
Лично име Вълчев, Христо Димитров
Автороска отговорност (Описва отношението между автора и произведението) *
9 (RLIN) 366782
852 ## - Местоположение
Форматна сигнатура Цб 212622
856 4# - Електронен адрес и достъп
Електронен формат pdf - файл
Път до файла /url/
856 4# - Електронен адрес и достъп
Електронен формат pdf - файл
Път до файла /url/
942 ## - АРТИКУЛИ
Вид на библиотечния материал Книги
Скрит в OPAC Не
944 ## - СЪЗДАВАНЕ И РЕДАКЦИЯ на ЗАПИСА
Създаване/Редакция Създаване
Дата на регистрацията/редакция 01.01.2002
Служител, извършил регистрацията/редакцията Цветанка_Енчева
944 ## - СЪЗДАВАНЕ И РЕДАКЦИЯ на ЗАПИСА
Създаване/Редакция Редакция
Дата на регистрацията/редакция 22.04.2004
Служител, извършил регистрацията/редакцията
999 ## - СИСТЕМНИ КОНТРОЛНИ НОМЕРА
Koha biblionumber 98286
Koha biblioitemnumber 98286
Наличности
Код за отписване Код за изгубен артикул Източник на класификационната схема Код за повреда Коз за рестрикции Код за отдаване Артикулен № Име на библиотеката - собственик Име на библиотеката, в която се намира в момента Статус (Текущо местоположение) Дата на вписване в системата Местоположение - отдел Цена в лева Инвентарен номер Систематично азбучна сигнатура Баркод Номер на екземпляра Цена в евро Служебна бележка Служебен тип на артикула
Изтеглен Не е изгубен Universal Decimal Classification Не е повреден без рестрикции заемане за дома 158145 Регионална библиотека "Любен Каравелов" Русе Регионална библиотека "Любен Каравелов" Русе Заемна - подръчен фонд 2002-09-17 Заемна - подръчен фонд 4.00 120000672181 П 886.7-31/Х 82 120000672181 1 2.05 Дост: Pk Вид: Ф N: 33 Дата: 17.09.2002 Книги
Изтеглен Не е изгубен Universal Decimal Classification Не е повреден без рестрикции заемане за дома 158146 Регионална библиотека "Любен Каравелов" Русе Регионална библиотека "Любен Каравелов" Русе Заемна - подръчен фонд 2003-11-04 Заемна - подръчен фонд 4.00 120000679653 П 886.7-31/Х 82 120000679653 2 2.05 Дост: Pk Вид: Ф N: 8847 Дата: 01.11.2003 Книги
  Не е изгубен   Не е повреден без рестрикции ползва се в читалня 158147 Регионална библиотека "Любен Каравелов" Русе Регионална библиотека "Любен Каравелов" Русе Хранилище 2004-03-18 Хранилище 0.00 120000683732 Цб 212622 120000683732 3 0.00 Дост: Dp Вид: Д N: 19 Дата: 24.04.2003 Книги
Vip Innovations Ltd, Rousse, Bulgaria 2025